Bibliografía geográfica extremeña (Record no. 59135)

MARC details
000 -LEADER
campo de control de longitud fija 00993nam a2200241 i 4500
001 - NÚMERO DE CONTROL
campo de control 59135
003 - IDENTIFICADOR DE NÚMERO DE CONTROL
campo de control ES-MaACL
005 - FECHA Y HORA DE LA ÚLTIMA TRANSACCIÓN
campo de control 20251114102517.0
007 - CAMPO FIJO DE DESCRIPCIÓN FÍSICA--INFORMACIÓN GENERAL
campo de control de longitud fija t|
008 - DATOS DE LONGITUD FIJA--INFORMACIÓN GENERAL
campo de control de longitud fija 031027s1955 sp ||||1| spa d
100 0# - ENTRADA PRINCIPAL--NOMBRE DE PERSONA
Nombre de persona Corchón García, Justo.
9 (RLIN) 40485
245 10 - MENCIÓN DEL TÍTULO
Título Bibliografía geográfica extremeña
Resto del título : precedida de una Introducción al estudio geográfico de la Alta Extremadura /
Mención de responsabilidad, etc. Por... J. Corchón García ; prólogo José Manuel Casas Torres.
260 ## - PUBLICACIÓN, DISTRIBUCIÓN, ETC.
Lugar de publicación, distribución, etc. Badajoz :
Nombre del editor, distribuidor, etc. Diputación Provincial Extremeña,
Fecha de publicación, distribución, etc. 1955.
300 ## - DESCRIPCIÓN FÍSICA
Extensión 768 p. :
Otras características físicas lám., map. ;
Dimensiones 25 cm.
490 1# - MENCIÓN DE SERIE
Mención de serie Enciclopedia Extremeña ;
Designación de volumen o secuencia 1
500 ## - NOTA GENERAL
Nota general Precede al tít.: Diputación Provincial de Badajoz.
651 #4 - PUNTO DE ACCESO ADICIONAL DE MATERIA--NOMBRE GEOGRÁFICO
Nombre geográfico Extremadura-
Subdivisión de forma Bibliografías.
9 (RLIN) 168511
700 1# - ENTRADA AGREGADA--NOMBRE PERSONAL
Nombre de persona Casas Torres, José Manuel,
Fechas asociadas al nombre 1916-2010
9 (RLIN) 36236
710 1# - ENTRADA AGREGADA--NOMBRE DE ENTIDAD CORPORATIVA
Nombre de entidad corporativa o nombre de jurisdicción como elemento de entrada Badajoz (Provincia).
Unidad subordinada Diputación Provincial
9 (RLIN) 2081
830 0# - PUNTO DE ACCESO ADICIONAL DE SERIE-TÍTULO UNIFORME
Título uniforme Enciclopedia Extremeña ;
Designación de volumen o secuencia 1
9 (RLIN) 230503
852 ## - LOCALIZACIÓN
Ubicación ES-MaACL
Número de control de estantería P-979
Holdings
Estatus retirado Estado de pérdida Estado de daño No para préstamo Biblioteca de origen Biblioteca actual Ubicación en estantería Fecha de adquisición Fuente de adquisición Total de préstamos Signatura topográfica completa Código de barras Visto por última vez Precio de reemplazo Tipo de ítem Koha
        Biblioteca del Ateneo de Madrid Biblioteca del Ateneo de Madrid Depósito 2 17/01/2008     P-979 1062032 23/02/2023 23/02/2023 Libro impreso